[Event "MNT-chT"]
[Site "Herceg Novi"]
[Date "2025.05.06"]
[Round "7.22"]
[White "Kosic, Dragan"]
[Black "Mandic, Stefan"]
[Result "1/2-1/2"]
[WhiteElo "2385"]
[BlackElo "2009"]
[PlyCount "82"]
[EventDate "2025.05.01"]
[EventType "team-tourn"]
[EventRounds "9"]
[EventCountry "MNE"]
[SourceTitle "CB20_2025"]
[SourceDate "2025.05.14"]
[SourceVersion "1"]
[SourceVersionDate "2025.05.14"]
[SourceQuality "1"]
[WhiteTeam "Crnogorac"]
[BlackTeam "Dama"]
[WhiteTeamCountry "MNE"]
[BlackTeamCountry "MNE"]

1. d4 Nf6 2. Nf3 g6 3. c4 Bg7 4. Nc3 0-0 5. e4 d6 6. Be2 c5 7. d5 e5 8. 0-0 Ne8 9. Ne1 f5 10. exf5 gxf5 11. f4 Nd7 12. Nd3 Kh8 13. Be3 e4 14. Nf2 Bxc3 15. bxc3 Ndf6 16. Kh1 Rg8 17. Rg1 Qe7 18. g3 Ng4 19. Nxg4 fxg4 20. Rb1 b6 21. a4 Bf5 22. a5 Qc7 23. axb6 axb6 24. Qb3 Ra6 25. Ra1 Rxa1 26. Rxa1 Nf6 27. Ra6 Rb8 28. Qa2 Kg7 29. Bd1 Rb7 30. Kg1 h5 31. Ba4 Ra7 32. Bc6 Rxa6 33. Qxa6 Qb8 34. Kf1 Kf8 35. Ke2 Ke7 36. Kd2 Kd8 37. Qa4 Kc7 38. Kc2 Kd8 39. Kb3 Kc7 40. Qa6 Nd7 41. Bf2 Nf6 1/2-1/2

[Event "MNT CupT"]
[Site "Cetinje"]
[Date "2023.07.10"]
[Round "3.4"]
[White "Djukanovic, Marko"]
[Black "Mandic, Stefan"]
[Result "0-1"]
[WhiteElo "1870"]
[BlackElo "1999"]
[PlyCount "74"]
[EventDate "2023.07.09"]
[EventType "team-swiss"]
[EventRounds "5"]
[EventCountry "MNE"]
[SourceTitle "CBM 215 Extra"]
[Source "ChessBase"]
[SourceDate "2023.09.30"]
[SourceVersion "1"]
[SourceVersionDate "2023.09.30"]
[SourceQuality "1"]
[WhiteTeam "Niksic"]
[BlackTeam "Dama"]
[WhiteTeamCountry "MNE"]
[BlackTeamCountry "MNE"]

1. g3 e5 2. c4 Nf6 3. Bg2 Bc5 4. e3 Nc6 5. a3 a5 6. Nc3 d6 7. Nge2 0-0 8. d4 Ba7 9. 0-0 Ne7 10. b4 c6 11. Bb2 Be6 12. d5 cxd5 13. cxd5 Bd7 14. Qb3 b5 15. h3 h5 16. Kh2 a4 17. Qd1 Ng6 18. Qd3 Qb6 19. e4 Rac8 20. Bc1 h4 21. gxh4 Nxh4 22. Bg5 Nxg2 23. Bxf6 gxf6 24. Rg1 Kh7 25. Qf3 Nf4 26. Raf1 Rxc3 27. Nxc3 Rg8 28. Nd1 Bxh3 29. Rxg8 Kxg8 30. Rg1+ Kf8 31. Ne3 Qc7 32. Qg3 Ke7 33. Qh4 Bxe3 34. fxe3 Qc2+ 35. Kg3 Ne2+ 36. Kxh3 Nxg1+ 37. Kg3 Qe2 0-1

[Event "MNT CupT"]
[Site "Cetinje"]
[Date "2023.07.09"]
[Round "1.6"]
[White "Mandic, Stefan"]
[Black "Asanin, Radomir"]
[Result "1/2-1/2"]
[WhiteElo "1999"]
[BlackElo "1965"]
[PlyCount "116"]
[EventDate "2023.07.09"]
[EventType "team-swiss"]
[EventRounds "5"]
[EventCountry "MNE"]
[SourceTitle "CBM 215 Extra"]
[Source "ChessBase"]
[SourceDate "2023.09.30"]
[SourceVersion "1"]
[SourceVersionDate "2023.09.30"]
[SourceQuality "1"]
[WhiteTeam "Dama"]
[BlackTeam "7 Oktobar"]
[WhiteTeamCountry "MNE"]
[BlackTeamCountry "MNE"]

1. e4 c5 2. Nf3 d6 3. Bc4 e6 4. 0-0 Nc6 5. c3 Nf6 6. d3 Be7 7. Re1 a6 8. a4 0-0 9. Nbd2 Re8 10. Nf1 h6 11. Ng3 Qc7 12. Ba2 b5 13. d4 Bf8 14. Bb1 Bb7 15. e5 dxe5 16. dxe5 Nd7 17. Qe2 c4 18. b4 cxb3 19. axb5 axb5 20. Rxa8 Bxa8 21. Qxb5 Rb8 22. Qd3 g6 23. Bf4 Bg7 24. h4 Ncxe5 25. Nxe5 Bxe5 26. Bxh6 Qxc3 27. Qxc3 Bxc3 28. Rd1 Nf6 29. Ne2 Be5 30. f3 Nd5 31. Kf2 Bc6 32. Rd3 Kh7 33. Bd2 Kg7 34. Nd4 Ba4 35. g4 Bd6 36. Ne2 Be7 37. h5 gxh5 38. gxh5 Rh8 39. h6+ Kf6 40. Rxd5 exd5 41. Bc3+ Kg5 42. Bxh8 Kxh6 43. Bd4 Kg5 44. Ke3 Bd6 45. Nc3 Bf4+ 46. Ke2 Bc6 47. Bd3 f6 48. Kf2 Be5 49. Be3+ Kh4 50. Ne2 b2 51. f4 Bb5 52. Bb1 Bd6 53. Bd4 Bxe2 54. Kxe2 Bxf4 55. Bxf6+ Kg4 56. Bxb2 Bd6 57. Ba2 Kf4 58. Bxd5 Bc5 1/2-1/2

[Event "MNT-ch 74th"]
[Site "Podgorica"]
[Date "2022.02.21"]
[Round "3"]
[White "Mandic, Stefan"]
[Black "Popovic, Mateja"]
[Result "1-0"]
[WhiteElo "1946"]
[BlackElo "1732"]
[PlyCount "61"]
[EventDate "2022.02.19"]
[EventType "swiss"]
[EventRounds "9"]
[EventCountry "MNE"]
[SourceTitle "EXT 2023"]
[Source "ChessBase"]
[SourceDate "2022.10.05"]
[SourceVersion "1"]
[SourceVersionDate "2022.10.05"]
[SourceQuality "1"]

1. e4 c6 2. d4 d5 3. Nc3 dxe4 4. Nxe4 Bf5 5. Ng3 Bg6 6. f4 e6 7. Nf3 Nd7 8. Bd3 Qc7 9. f5 exf5 10. 0-0 Ne7 11. Nh4 0-0-0 12. a4 Nd5 13. Nhxf5 a5 14. Kh1 Nb4 15. Bf4 Qb6 16. Be2 h5 17. Ne3 Nf6 18. c3 Nbd5 19. Nc4 Qa7 20. Be5 Nd7 21. Qd2 N7b6 22. Nf5 Nxc4 23. Bxc4 f6 24. Bg3 Bxf5 25. Rxf5 g6 26. Bxd5 gxf5 27. Be6+ Rd7 28. Qf4 b6 29. Bxd7+ Kxd7 30. Qxf5+ Ke7 31. Qg6 1-0

[Event "MNT-ch 74th"]
[Site "Podgorica"]
[Date "2022.02.20"]
[Round "2"]
[White "Perisic, Nikola"]
[Black "Mandic, Stefan"]
[Result "1/2-1/2"]
[WhiteElo "1627"]
[BlackElo "1946"]
[PlyCount "189"]
[EventDate "2022.02.19"]
[EventType "swiss"]
[EventRounds "9"]
[EventCountry "MNE"]
[SourceTitle "EXT 2023"]
[Source "ChessBase"]
[SourceDate "2022.10.05"]
[SourceVersion "1"]
[SourceVersionDate "2022.10.05"]
[SourceQuality "1"]

1. d4 Nf6 2. Nf3 g6 3. Bf4 Bg7 4. e3 d5 5. h3 c5 6. c3 Qa5 7. Be2 Nc6 8. 0-0 Bf5 9. Qb3 b6 10. dxc5 Qxc5 11. Qa4 Bd7 12. b4 b5 13. Bxb5 Qb6 14. Bxc6 Bxc6 15. Qb3 Nd7 16. Bh2 0-0 17. Nbd2 Rfc8 18. Rac1 a5 19. a3 Bb5 20. Rfe1 Bc4 21. Nxc4 dxc4 22. Qd1 Rd8 23. Qe2 axb4 24. axb4 Qa6 25. Qb2 Qa3 26. Qxa3 Rxa3 27. Nd4 Rda8 28. Bc7 Ne5 29. Bxe5 Bxe5 30. f4 Bf6 31. e4 e5 32. Nc6 exf4 33. e5 Bh4 34. Rf1 Rb3 35. Na5 Rb2 36. Nxc4 Re2 37. Na5 Rxe5 38. Rc2 Bg3 39. c4 Rae8 40. c5 Re1 41. Rc1 f3 42. gxf3 R1e2 43. f4 Rb2 44. Rf3 Be1 45. Rb3 Rxb3 46. Nxb3 Bxb4 47. c6 Bd6 48. Rc4 f5 49. Kg2 Kf7 50. Rd4 Ke6 51. Na5 Rc8 52. Kf3 Rc7 53. Ke2 Bc5 54. Rd3 Bb6 55. Nc4 Rxc6 56. Nxb6 Rxb6 57. Kf3 Rd6 58. Re3+ Kf6 59. Ra3 g5 60. fxg5+ Kxg5 61. Ra4 Rd3+ 62. Kg2 Re3 63. Ra5 Kf4 64. Ra4+ Re4 65. Ra3 Re2+ 66. Kf1 Re3 67. Ra4+ Kg3 68. Ra7 h5 69. Rg7+ Kf4 70. Kg2 Re2+ 71. Kg1 h4 72. Rg8 Re3 73. Kh2 Re2+ 74. Kg1 Kf3 75. Rg5 Kf4 76. Rg8 Rc2 77. Rg7 Ke3 78. Rf7 f4 79. Re7+ Kf3 80. Rg7 Rc3 81. Rg4 Ke3 82. Rxh4 f3 83. Rh8 Rc1+ 84. Kh2 Kf2 85. Rf8 Re1 86. h4 Re4 87. Kh3 Ke2 88. Kg3 Re7 89. h5 Rg7+ 90. Kh4 f2 91. h6 Rg1 92. Kh5 f1Q 93. Rxf1 Kxf1 94. h7 Kf2 95. Kh6 1/2-1/2

[Event "MNT-chT 1st League"]
[Site "Podgorica"]
[Date "2021.05.22"]
[Round "4.3"]
[White "Mandic, Stefan"]
[Black "Savic, Vladimir"]
[Result "1-0"]
[WhiteElo "1954"]
[BlackElo "2017"]
[PlyCount "37"]
[EventDate "2021.05.20"]
[EventType "team-tourn"]
[EventRounds "7"]
[EventCountry "MNE"]
[SourceTitle "EXT 2022"]
[Source "ChessBase"]
[SourceDate "2021.10.06"]
[SourceVersion "1"]
[SourceVersionDate "2021.10.06"]
[SourceQuality "1"]

1. e4 c6 2. d4 d5 3. Nc3 dxe4 4. Nxe4 Nf6 5. Ng3 g6 6. Nf3 Bg4 7. c3 Nbd7 8. Qb3 Bxf3 9. gxf3 Qb6 10. Qc2 Bg7 11. h4 h5 12. Bg5 e6 13. 0-0-0 Qa5 14. Kb1 b5 15. Bh3 b4 16. c4 Bh6 17. d5 cxd5 18. cxd5 exd5 19. Bxf6 1-0

[Event "MNT-ch U20"]
[Site "Pljevlja"]
[Date "2019.06.30"]
[Round "3"]
[White "Miletic, Vuk"]
[Black "Mandic, Stefan"]
[Result "1/2-1/2"]
[WhiteElo "2007"]
[BlackElo "1927"]
[PlyCount "85"]
[EventDate "2019.06.29"]
[EventType "swiss"]
[EventRounds "7"]
[EventCountry "MNE"]
[SourceTitle "EXT 2020"]
[Source "ChessBase"]
[SourceDate "2019.10.17"]
[SourceVersion "1"]
[SourceVersionDate "2019.10.17"]
[SourceQuality "1"]

1. d4 Nf6 2. c4 g6 3. f3 Bg7 4. e4 d6 5. Nc3 0-0 6. Be3 e5 7. d5 Ne8 8. Qd2 Nd7 9. 0-0-0 a5 10. g4 f5 11. gxf5 gxf5 12. h4 f4 13. Bf2 Rf7 14. Nh3 h6 15. Bd3 b6 16. Rdg1 Nf8 17. Be1 Nf6 18. Bf1 N6h7 19. Nf2 Kh8 20. Bh3 Bf6 21. Bxc8 Rxc8 22. Ng4 Bg7 23. Kb1 Nd7 24. Qg2 Qe7 25. Qh3 Rg8 26. Rg2 h5 27. Nf2 Bf8 28. Rxg8+ Kxg8 29. Qe6 Nhf6 30. Rg1+ Kh8 31. Nh3 Nc5 32. Qc8 Qd7 33. Qxd7 Rxd7 34. Rg6 Be7 35. Ng5 Bd8 36. Nb5 Rg7 37. Rh6+ Kg8 38. Na7 Nh7 39. Nxh7 Rxh7 40. Rxh7 Kxh7 41. Kc2 Kg6 42. Kd2 Kf7 43. Ke2 1/2-1/2

[Event "MNT-chT"]
[Site "Niksic"]
[Date "2018.08.15"]
[Round "9.4"]
[White "Pobor, Milo"]
[Black "Mandic, Stefan"]
[Result "1/2-1/2"]
[WhiteElo "1997"]
[BlackElo "1907"]
[PlyCount "49"]
[EventDate "2018.08.07"]
[EventType "team-tourn"]
[EventRounds "9"]
[EventCountry "MNE"]
[SourceTitle "CBM 186 Extra"]
[Source "ChessBase"]
[SourceDate "2018.08.24"]
[SourceVersion "1"]
[SourceVersionDate "2018.08.24"]
[SourceQuality "1"]
[WhiteTeam "Crnogorac"]
[BlackTeam "Mimoza"]
[WhiteTeamCountry "MNE"]
[BlackTeamCountry "MNE"]

1. e4 e5 2. Nf3 Nc6 3. d4 exd4 4. Nxd4 Bc5 5. Be3 Qf6 6. c3 Nge7 7. Bc4 Ne5 8. Be2 d5 9. 0-0 dxe4 10. Nb5 Qb6 11. Qa4 0-0 12. Qxe4 N7g6 13. Bxc5 Qxc5 14. Nd2 Bd7 15. Nb3 Qb6 16. Qd4 Bxb5 17. Qxb6 axb6 18. Bxb5 c6 19. Be2 Nf4 20. Nc1 Rfd8 21. Rd1 Rxd1+ 22. Bxd1 Rd8 23. Ne2 Nfd3 24. b4 Nb2 25. Bb3 1/2-1/2

[Event "MNT-chT"]
[Site "Niksic"]
[Date "2018.08.11"]
[Round "5.5"]
[White "Mandic, Stefan"]
[Black "Nikac, Predrag"]
[Result "1/2-1/2"]
[WhiteElo "1907"]
[BlackElo "2311"]
[PlyCount "78"]
[EventDate "2018.08.07"]
[EventType "team-tourn"]
[EventRounds "9"]
[EventCountry "MNE"]
[SourceTitle "CBM 186 Extra"]
[Source "ChessBase"]
[SourceDate "2018.08.24"]
[SourceVersion "1"]
[SourceVersionDate "2018.08.24"]
[SourceQuality "1"]
[WhiteTeam "Mimoza"]
[BlackTeam "Buducnost"]
[WhiteTeamCountry "MNE"]
[BlackTeamCountry "MNE"]

1. e4 c5 2. Nf3 Nc6 3. d4 cxd4 4. Nxd4 e5 5. Nb5 d6 6. N1c3 a6 7. Na3 b5 8. Nd5 Nf6 9. Bg5 Qa5+ 10. Bd2 Qd8 11. Bg5 Qa5+ 12. Bd2 Qd8 13. Bg5 Be7 14. Nxe7 Qxe7 15. c4 b4 16. Nc2 0-0 17. Bd3 h6 18. Bh4 a5 19. 0-0 Rb8 20. b3 Be6 21. f3 g5 22. Bf2 Nh5 23. a3 Nf4 24. axb4 axb4 25. Ne3 Nd4 26. Nd5 Bxd5 27. cxd5 Rfc8 28. Bxd4 exd4 29. Bc4 Qe5 30. g3 Nh5 31. Qd2 Ra8 32. Rad1 d3 33. Qxd3 Ra2 34. Rf2 Rca8 35. Rxa2 Rxa2 36. Qd4 Qf6 37. Qxf6 Nxf6 38. Bf1 Nd7 39. Rc1 Rb2 1/2-1/2

[Event "MNT-ch sf"]
[Site "Niksic"]
[Date "2017.02.19"]
[Round "4"]
[White "Mandic, Stefan"]
[Black "Karisik, Nenad"]
[Result "0-1"]
[WhiteElo "1922"]
[BlackElo "2216"]
[PlyCount "90"]
[EventDate "2017.02.17"]
[EventType "swiss"]
[EventRounds "7"]
[EventCountry "MNE"]
[SourceTitle "CBM 177 Extra"]
[Source "ChessBase"]
[SourceDate "2017.04.27"]
[SourceVersion "1"]
[SourceVersionDate "2017.04.27"]
[SourceQuality "1"]

1. e4 e5 2. Nf3 Nc6 3. Bb5 a6 4. Ba4 Nf6 5. 0-0 Be7 6. Re1 b5 7. Bb3 0-0 8. c3 d5 9. exd5 Nxd5 10. Nxe5 Nxe5 11. Rxe5 c6 12. d4 Bd6 13. Re1 Qh4 14. g3 Qh3 15. Bxd5 cxd5 16. Qf3 Be6 17. Be3 Rae8 18. Nd2 Kh8 19. Qg2 Qh5 20. f3 Bh3 21. Qf2 f5 22. Bf4 Bxf4 23. gxf4 Rf6 24. Kh1 Ref8 25. Re7 Rg8 26. Rg1 Qh6 27. Rg5 Re6 28. Rxe6 Qxe6 29. Rh5 Re8 30. Kg1 Qg6+ 31. Rg5 Qh6 32. Nb3 a5 33. Nc5 b4 34. cxb4 axb4 35. Nd3 b3 36. a4 Qa6 37. Qd2 Qxa4 38. Kf2 Qxd4+ 39. Kg3 Bf1 40. Qf2 Qxf2+ 41. Nxf2 g6 42. h4 Re2 43. h5 Kg7 44. hxg6 hxg6 45. Nd1 d4 0-1

[Event "MNT-ch sf"]
[Site "Niksic"]
[Date "2017.02.18"]
[Round "2"]
[White "Koljevic, Nikolina"]
[Black "Mandic, Stefan"]
[Result "1/2-1/2"]
[WhiteElo "1523"]
[BlackElo "1922"]
[PlyCount "191"]
[EventDate "2017.02.17"]
[EventType "swiss"]
[EventRounds "7"]
[EventCountry "MNE"]
[SourceTitle "CBM 177 Extra"]
[Source "ChessBase"]
[SourceDate "2017.04.27"]
[SourceVersion "1"]
[SourceVersionDate "2017.04.27"]
[SourceQuality "1"]

1. e4 e5 2. Nf3 Nc6 3. d4 exd4 4. Nxd4 Bc5 5. Be3 Qf6 6. c3 Nge7 7. Bc4 Ne5 8. Be2 d5 9. f4 Ng4 10. Bxg4 Qh4+ 11. Bf2 Qxg4 12. Qxg4 Bxg4 13. h3 Bd7 14. e5 0-0-0 15. 0-0 Rde8 16. Nd2 Ng6 17. N2b3 Bb6 18. Be3 f6 19. exf6 gxf6 20. Rae1 Rhg8 21. Kh2 a5 22. Nc2 a4 23. Nbd4 c5 24. Nf3 h5 25. b4 axb3 26. axb3 Bc7 27. g3 b6 28. h4 Ne7 29. Bf2 Rg7 30. Ra1 Kb7 31. b4 Bf5 32. Nce1 Reg8 33. Rg1 Bd6 34. bxc5 Bxc5 35. Nd4 Be4 36. Ra2 Bxd4 37. Bxd4 Nf5 38. Bxf6 Rxg3 39. Rxg3 Rxg3 40. Re2 Kc6 41. c4 b5 42. cxb5+ Kxb5 43. Bg5 Kc4 44. Bf6 Rg4 45. Nc2 Nxh4 46. Ne3+ Kd3 47. Nxg4 Nf3+ 48. Kg3 Kxe2 49. Ne5 Ke3 50. Nc6 d4 51. Nb4 d3 52. Bc3 h4+ 53. Kh3 Bf5+ 54. Kg2 h3+ 55. Kh1 Be4 56. Nxd3 Bxd3 57. Ba5 Kxf4 58. Bc7+ Kg4 59. Bb8 Be4 60. Bc7 Nd4+ 61. Kh2 Bd5 62. Bb8 Bg2 63. Kg1 Nf3+ 64. Kf2 Nd4 65. Bc7 Ne6 66. Bh2 Nf4 67. Ke3 Ne6 68. Kf2 Nd4 69. Bb8 Bb7 70. Bc7 Ne6 71. Bh2 Ng5 72. Bb8 Ne4+ 73. Kg1 Kf3 74. Bc7 Ng3 75. Kh2 Nf5 76. Kxh3 Ba6 77. Kh2 Bf1 78. Kg1 Bg2 79. Kh2 Ne3 80. Kg1 Ng4 81. Bb8 Bh3 82. Bc7 Nf6 83. Bb8 Nd5 84. Bd6 Bg2 85. Bb8 Nc3 86. Bc7 Nb5 87. Bb8 Bh3 88. Be5 Na3 89. Bd6 Nc4 90. Bb8 Nd2 91. Bc7 Bd7 92. Bb8 Bc6 93. Bc7 Ne4 94. Bb8 Nc3 95. Bc7 Ne2+ 96. Kh2 1/2-1/2